Т. 3 : Теплоэнергетика; Справочник энергетика промышленных предприятий

Bibliographische Detailangaben
Parent link:Справочник энергетика промышленных предприятий: В 4-х т.. Т. 3 : Теплоэнергетика.— 2-е изд..— , 1961-
Weitere Verfasser: Юренев В. Н. Владимир Николаевич, Грановский Р. Г., Михалин Г. И., Инденбаум В. С.
Sprache:Russisch
Veröffentlicht: 1965
Schlagworte:
Format: Buch
KOHA link:https://koha.lib.tpu.ru/cgi-bin/koha/opac-detail.pl?biblionumber=48619

MARC

LEADER 00000nam2a2200000 4500
001 48619
005 20231101211147.0
035 |a (RuTPU)RU\TPU\book\50920 
090 |a 48619 
100 |a 20030320d1965 km y0rusy50 ca 
101 0 |a rus 
102 |a RU 
105 |a a g 001zy 
200 0 |a Т. 3 : Теплоэнергетика  |f В. Н. Юренев [и др.] 
210 |d 1965 
215 |a 512 с.  |c черт. 
320 |a Библиогр.: с. 507-509. 
461 1 |0 (RuTPU)RU\TPU\book\50872  |t Справочник энергетика промышленных предприятий  |o В 4-х т.  |v Т. 3 : Теплоэнергетика  |e 2-е изд.  |d 1961- 
606 1 |a Промышленные предприятия  |x Энергетическое оборудование  |2 stltpush  |3 (RuTPU)RU\TPU\subj\52740  |9 71143 
610 1 |a справочники 
610 1 |a теплотехника 
610 1 |a топливо 
610 1 |a топочные устройства 
610 1 |a котельные установки 
610 1 |a дизельные установки 
610 1 |a паротурбинные установки 
675 |a 620.9:658(035)  |v 3 
701 1 |a Юренев  |b В. Н.  |g Владимир Николаевич 
701 1 |a Грановский  |b Р. Г. 
701 1 |a Михалин  |b Г. И. 
701 1 |a Инденбаум  |b В. С. 
801 1 |a RU  |b 63413507  |c 20030320  |g PSBO 
801 2 |a RU  |b 63413507  |c 20191211  |g PSBO 
942 |c BK